[Event "Copenhagen Bronshoj op"]
[Site "Copenhagen"]
[Date "2017.02.16"]
[Round "7"]
[White "Thomsen, Kim"]
[Black "Moe, Mogens"]
[Result "0-1"]
[WhiteElo "1957"]
[BlackElo "2162"]
[PlyCount "72"]
[EventDate "2017.02.10"]
[EventType "swiss"]
[EventRounds "7"]
[EventCountry "DEN"]
[SourceTitle "CBM 176 Extra"]
[Source "ChessBase"]
[SourceDate "2017.03.02"]
[SourceVersion "1"]
[SourceVersionDate "2017.03.02"]
[SourceQuality "1"]

1. d4 Nf6 2. c4 g6 3. Nc3 d5 4. Qb3 dxc4 5. Qxc4 Bg7 6. Nf3 0-0 7. e4 Nc6 8. h3 e5 9. d5 Nd4 10. Bd3 Ne8 11. Be3 Nd6 12. Qa4 Bd7 13. Qd1 c5 14. dxc6 Bxc6 15. Nd2 f5 16. f3 Qh4+ 17. Bf2 Qg5 18. Rg1 b5 19. a3 Kh8 20. h4 Qe7 21. Qb1 a5 22. Qa2 Bh6 23. Nd5 Qg7 24. Rd1 b4 25. Nb6 Rab8 26. Nbc4 b3 27. Qb1 fxe4 28. Nxd6 exd3 29. N2e4 Nc2+ 30. Kf1 Rbd8 31. Bc5 Qc7 32. Ng5 Bxg5 33. hxg5 Rxd6 34. Bxd6 Qxd6 35. Qc1 Qd4 36. Rd2 e4 0-1

[Event "Copenhagen Bronshoj op"]
[Site "Copenhagen"]
[Date "2017.02.15"]
[Round "6"]
[White "Petersen, Steen Brustrup"]
[Black "Thomsen, Kim"]
[Result "0-1"]
[WhiteElo "2138"]
[BlackElo "1957"]
[PlyCount "106"]
[EventDate "2017.02.10"]
[EventType "swiss"]
[EventRounds "7"]
[EventCountry "DEN"]
[SourceTitle "CBM 176 Extra"]
[Source "ChessBase"]
[SourceDate "2017.03.02"]
[SourceVersion "1"]
[SourceVersionDate "2017.03.02"]
[SourceQuality "1"]

1. c4 Nf6 2. g3 c6 3. Bg2 d5 4. Nf3 Bf5 5. b3 e6 6. 0-0 Be7 7. Bb2 0-0 8. d3 Nbd7 9. Nbd2 h6 10. Re1 a5 11. e4 dxe4 12. dxe4 Bh7 13. e5 Ne8 14. Ne4 Nc5 15. Nxc5 Bxc5 16. Bc3 Qb6 17. Bd4 Bxd4 18. Qxd4 Qxd4 19. Nxd4 Nc7 20. Red1 Rfd8 21. Kf1 Na6 22. Ke2 Nc5 23. Ke3 Rd7 24. f4 Rad8 25. Bf3 Nd3 26. Ne2 Nb4 27. Rxd7 Rxd7 28. Be4 Bxe4 29. Kxe4 Rd2 30. Nc3 Rc2 31. Na4 b5 32. Nb6 Re2+ 33. Kd4 Nc2+ 34. Kd3 Rxh2 35. Rd1 Nb4+ 36. Kd4 Rxa2 37. Kc5 Rg2 38. cxb5 cxb5 39. Rd8+ Kh7 40. Rf8 Rxg3 41. Rxf7 Kg6 42. Rf8 Rf3 43. Kxb5 h5 44. Nc8 Nd5 45. Kxa5 h4 46. Nd6 h3 47. f5+ Kh7 48. b4 h2 49. Nf7 Rxf5 50. Rh8+ Kg6 51. Nd6 Rh5 52. Rxh5 Kxh5 53. Ne4 Kg4 0-1

[Event "Politiken Cup 37th"]
[Site "Helsingor"]
[Date "2015.07.31"]
[Round "8"]
[White "Thomsen, Kim"]
[Black "Gough, Rod"]
[Result "1-0"]
[WhiteElo "1997"]
[BlackElo "1822"]
[PlyCount "85"]
[EventDate "2015.07.25"]
[EventType "swiss"]
[EventRounds "10"]
[EventCountry "DEN"]
[SourceTitle "CBM 167 Extra"]
[Source "ChessBase"]
[SourceDate "2015.09.14"]
[SourceVersion "1"]
[SourceVersionDate "2015.09.14"]
[SourceQuality "1"]

1. d4 g6 2. c4 Bg7 3. Nc3 d6 4. Nf3 e5 5. Bg5 f6 6. Bh4 exd4 7. Nxd4 Nc6 8. e4 Nge7 9. Nc2 Be6 10. Qd2 Qd7 11. Be2 a6 12. h3 0-0 13. g4 g5 14. Bg3 Rad8 15. 0-0-0 h6 16. f3 Na7 17. h4 b5 18. Qe3 Nec8 19. c5 Qe7 20. cxd6 cxd6 21. Rd2 Nc6 22. Rhd1 Ne5 23. Nd5 Bxd5 24. Rxd5 Qc7 25. Qa3 Qb6 26. Kb1 Nf7 27. Be1 Rd7 28. R5d3 Ne5 29. R3d2 a5 30. Qb3+ Nc4 31. Bxc4+ bxc4 32. Qxb6 Nxb6 33. Rxd6 Rb7 34. Ne3 Na4 35. Nxc4 f5 36. b3 fxe4 37. fxe4 Bc3 38. hxg5 hxg5 39. Rg6+ Kh7 40. Rgd6 Rf1 41. Kc2 Nc5 42. Bxc3 Rxd1 43. Rxd1 1-0

[Event "Politiken Cup 37th"]
[Site "Helsingor"]
[Date "2015.07.27"]
[Round "4"]
[White "Thomsen, Kim"]
[Black "Hojgaard, Brandur"]
[Result "0-1"]
[WhiteElo "1997"]
[BlackElo "1787"]
[PlyCount "146"]
[EventDate "2015.07.25"]
[EventType "swiss"]
[EventRounds "10"]
[EventCountry "DEN"]
[SourceTitle "CBM 167 Extra"]
[Source "ChessBase"]
[SourceDate "2015.09.14"]
[SourceVersion "1"]
[SourceVersionDate "2015.09.14"]
[SourceQuality "1"]

1. d4 Nf6 2. c4 e6 3. Nf3 Bb4+ 4. Nbd2 0-0 5. Qc2 d5 6. a3 Be7 7. e3 Nbd7 8. cxd5 exd5 9. Bd3 c5 10. b3 cxd4 11. Nxd4 Nc5 12. Be2 Nce4 13. Bf3 Ng5 14. Bb2 Bd7 15. Be2 Rc8 16. Qd3 a6 17. Nf5 Bb5 18. Nxe7+ Qxe7 19. Qf5 Nfe4 20. Bxb5 axb5 21. Nxe4 Nxe4 22. 0-0 Rc7 23. Bd4 Qe6 24. Qh5 Rfc8 25. f3 Nd2 26. Rfe1 Nxb3 27. Rad1 Nxd4 28. Rxd4 Rc1 29. Rdd1 Rxd1 30. Rxd1 Qxe3+ 31. Kh1 Rd8 32. Qh4 f6 33. Qb4 Qe2 34. Re1 Qc4 35. Qe7 Rc8 36. Qe6+ Kf8 37. Qd6+ Kg8 38. Qe6+ Kf8 39. Qe7+ Kg8 40. Qxb7 Qc6 41. Qa7 h6 42. h3 Rc7 43. Qd4 Qc4 44. Qe3 Qc6 45. Rd1 Kf7 46. Qd2 Rd7 47. Rc1 Qb6 48. Rb1 Qc5 49. Qd3 Qc4 50. Qf5 Qc6 51. Qh5+ Kf8 52. Qf5 Rc7 53. Rd1 Rd7 54. Rd4 Qd6 55. Qd3 Rc7 56. f4 Rc1+ 57. Kh2 Rc4 58. Kg1 Rxd4 59. Qxd4 Qxa3 60. Qxd5 Qc1+ 61. Kh2 Qxf4+ 62. Kg1 Qc4 63. Qd8+ Kf7 64. Qd7+ Kg6 65. Qe8+ Kh7 66. h4 Qd3 67. Qe7 Qb1+ 68. Kf2 b4 69. g4 b3 70. g5 fxg5 71. hxg5 Qf5+ 72. Ke2 Qxg5 73. Qe4+ Qg6 0-1

[Event "Politiken Cup 36th"]
[Site "Helsingor"]
[Date "2014.07.29"]
[Round "10"]
[White "Holmstrom, Johan Ravnborg"]
[Black "Thomsen, Kim"]
[Result "1-0"]
[WhiteElo "1834"]
[BlackElo "1994"]
[PlyCount "85"]
[EventDate "2014.07.21"]
[EventType "swiss"]
[EventRounds "10"]
[EventCountry "DEN"]
[SourceTitle "CBM 161 Extra"]
[Source "ChessBase"]
[SourceDate "2014.08.29"]
[SourceVersion "1"]
[SourceVersionDate "2014.08.29"]
[SourceQuality "1"]

1. d4 Nf6 2. c4 e6 3. g3 Bb4+ 4. Bd2 Bxd2+ 5. Nxd2 Nc6 6. Ngf3 d5 7. Bg2 0-0 8. 0-0 Qe7 9. a3 Rd8 10. e3 a5 11. b3 Ra6 12. Qc2 e5 13. cxd5 Nxd5 14. e4 Nf6 15. d5 Nb8 16. Nc4 Nfd7 17. Qc3 Re8 18. Nxa5 Qc5 19. Qxc5 Nxc5 20. b4 Nxe4 21. Rfe1 f5 22. Nc4 Nd7 23. Ncxe5 Nxe5 24. Nxe5 Rxe5 25. f3 Rxd5 26. fxe4 Re5 27. exf5 Rxe1+ 28. Rxe1 Kf7 29. Re3 Rd6 30. g4 Rd4 31. h3 c6 32. Kf1 h5 33. Bf3 Rd2 34. Be2 Bd7 35. Kf2 Kf6 36. Kg3 Ra2 37. Kf4 hxg4 38. hxg4 g5+ 39. fxg6 Kxg6 40. Bd3+ Kh6 41. g5+ Kh5 42. Re7 Rf2+ 43. Ke3 1-0

[Event "Politiken Cup 36th"]
[Site "Helsingor"]
[Date "2014.07.25"]
[Round "6"]
[White "Svane, Frederik"]
[Black "Thomsen, Kim"]
[Result "1/2-1/2"]
[WhiteElo "1824"]
[BlackElo "1994"]
[PlyCount "81"]
[EventDate "2014.07.21"]
[EventType "swiss"]
[EventRounds "10"]
[EventCountry "DEN"]
[SourceTitle "CBM 161 Extra"]
[Source "ChessBase"]
[SourceDate "2014.08.29"]
[SourceVersion "1"]
[SourceVersionDate "2014.08.29"]
[SourceQuality "1"]

1. e4 c5 2. Nf3 Nc6 3. Bb5 g6 4. Bxc6 bxc6 5. 0-0 Bg7 6. d3 d6 7. Nc3 Rb8 8. h3 Ba6 9. Qe2 e5 10. Nh2 Nf6 11. Rb1 0-0 12. Be3 Re8 13. b3 Qa5 14. Qd2 Kh8 15. Na4 Qc7 16. Bh6 Bxh6 17. Qxh6 c4 18. Qh4 Qe7 19. dxc4 d5 20. exd5 cxd5 21. Nc5 Rb6 22. Nxa6 Rxa6 23. cxd5 Rxa2 24. c4 Nxd5 25. Qxe7 Nxe7 26. Rfe1 Nc6 27. Nf3 a5 28. Ng5 f5 29. Nf7+ Kg7 30. Nd6 Rf8 31. c5 Rc2 32. Rec1 Rxc1+ 33. Rxc1 Nd4 34. Kf1 Nxb3 35. Rc3 Nd4 36. c6 Ne6 37. c7 Nxc7 38. Rxc7+ Kf6 39. Nc4 Ra8 40. Rc6+ Kg5 41. Na3 1/2-1/2